| 000 | 00507nam a2200157Ia 4500 | ||
|---|---|---|---|
| 005 | 20250224155414.0 | ||
| 008 | 231217s9999 xx 000 0 und d | ||
| 020 | _a9788131700075 | ||
| 082 | _a001.6424 GAM;17 | ||
| 100 | _aGamma, Erich. Helm, Richard. Johnson, Ralph...[et al.] | ||
| 245 | 0 | _aDesign patterns : elements of reusable object-oriented software | |
| 260 |
_c1995 _bDorling Kindersley _aNew Delhi |
||
| 300 | _axv, 395 | ||
| 650 | _apatterns,reusable,object-oriented,software | ||
| 942 | _cAA | ||
| 999 |
_c191186 _d191186 |
||